| 000 | 00449nam a2200181Ia 4500 | ||
|---|---|---|---|
| 001 | 13945 | ||
| 005 | 20260306164838.0 | ||
| 008 | 260306t2011||||xx |||||||||||||| ||spa|| | ||
| 041 | _aESP | ||
| 082 |
_a005.74 _bC78 |
||
| 100 |
_aCoronel, Carlos _eAUT |
||
| 245 | 0 |
_aBases de datos: _bdiseño, implementación y administración |
|
| 260 | _c2011 | ||
| 300 |
_axxx, 690 p _c27 cm. |
||
| 650 | _aGEN | ||
| 654 | _aCCC | ||
| 942 |
_cLIB _dJUS _fJUS _2ddc _n |
||
| 999 |
_c13945 _d13945 |
||